Objetos y métodos del conocimiento físico
Uloženo v:
| Hlavní autor: | |
|---|---|
| Médium: | Kniha |
| Jazyk: | španělština |
| Vydáno: |
Ciudad de México
El Colegio de México
1945
|
| Edice: | Colección de Textos Clásicos para la Historia de la Ciencia, 1
|
| Témata: | |
| Tagy: |
Přidat tag
Žádné tagy, Buďte první, kdo vytvoří štítek k tomuto záznamu!
|
MARC
| LEADER | 00000nam a2200000 a 4500 | ||
|---|---|---|---|
| 001 | UCZ4766 | ||
| 003 | CL-VaPUC | ||
| 008 | 951110e19450000MX |||||||||||||||||spa|d | ||
| 082 | 0 | 4 | |a 121 |b REI |2 21 |
| 100 | 0 | |a Reichenbach, Hans |e author |9 348763 | |
| 245 | 1 | 0 | |a Objetos y métodos del conocimiento físico |
| 300 | |a 224 p | ||
| 942 | |c BK | ||
| 945 | |d 19951110 00:00:00 |a lriquelm | ||
| 260 | |a Ciudad de México |b El Colegio de México |c 1945 | ||
| 650 | 0 | |a Teoría del conocimiento |9 255038 | |
| 650 | 0 | |a Epistemología |9 264994 | |
| 650 | 0 | |a Filosofía de las ciencias |9 256466 | |
| 650 | 0 | |a Metodología |9 256610 | |
| 650 | 0 | |a Percepción |9 266750 | |
| 583 | |a last modification |c 19951110 00:00:00 |k Rodrigo Vera | ||
| 490 | 0 | |a Colección de Textos Clásicos para la Historia de la Ciencia, 1 | |
| 999 | |c 241131 |d 241129 | ||
| 952 | |0 0 |1 0 |4 0 |6 121_000000000000000_REI_1945 |7 0 |8 P |9 253297 |a BIBEDU |b BIBEDU |c BIBEDU_PB |d 2019-11-19 |i 1599372 |o 121 REI 1945 |p 1599372 |r 2024-01-25 |w 2019-11-19 |y BK |k FIL | ||